Statistics for Страны бывшего СССР

Click here to take the quiz!

General Stats

  • This quiz has been taken 5 630 times
  • The average score is 13 of 15

Answer Stats

СтолицаСтрана% Correct
МоскваРоссийская Федерация
100%
КиевУкраина
99%
АстанаРеспублика Казахстан
97%
МинскБеларусь
94%
ВильнюсЛитва
91%
РигаЛатвия
91%
ТаллинЭстония
88%
ТашкентУзбекистан
88%
ЕреванАрмения
88%
БакуАзербайджан
87%
ТбилисиГрузия
87%
ДушанбеТаджикистан
81%
КишинёвМолдова
79%
АшхабадТуркменистан
76%
БишкекКиргизия
75%

Score Distribution

Percentile by Number Answered

Percent of People with Each Score

Your Score History

You have not taken this quiz